| 000 | 00394nam a22001457a 4500 | ||
|---|---|---|---|
| 082 | _a340.5491 MAH | ||
| 100 | _aMahmood, M. | ||
| 245 |
_aThe Minor Acts (Criminal) / _cM. Mahmood |
||
| 250 | _a4rth Edition. | ||
| 260 |
_aLahore : _bAl-Qanoon Publishers, _c2021. |
||
| 300 |
_a1883 p. ; _c24 cm. |
||
| 942 |
_2ddc _cBK |
||
| 999 |
_c587106 _d587106 |
||